| 000 | 00856nas a2200241 4500 | ||
|---|---|---|---|
| 001 | BR9102642 | ||
| 003 | BR-BrBNA | ||
| 005 | 20231205092031.0 | ||
| 007 | ta | ||
| 008 | 230509b bl.|||p| |||| 00| 00por d | ||
| 040 |
_aBR-BrBNA _bpor _cBiblioteca Nacional de Agricultura |
||
| 041 | _a(Pt) | ||
| 072 | _aL40 | ||
| 100 | 1 | _aMenin, E. | |
| 100 | 1 | _aMimura, O.M. | |
| 245 | 1 | _aAnatomia funcional da cavidade bucofaringeana de Hoplias malabaricus (Bloch, 1794)(Characiformes, Erythrinidae) | |
| 246 | 1 | _aFunctional anatomy of the bucco-pharyngeal cavity of the Hoplias malabaricus (Bloch, 1794)(Characiformes, Erythrinidae) | |
| 650 | _aTRAIRA | ||
| 650 | _aANATOMIA ANIMAL | ||
| 773 | 0 |
_tRevista Ceres (Brazil) _xISSN 0034-737X _g(May-Jun 1991), v. 38(217) p. 240-255 _wBR9102642 |
|
| 909 |
_a202311 _bLúcia _c55 _dLúcia Elande |
||
| 942 |
_2AGRIS _n0 _cANA |
||
| 999 |
_c128826 _d128826 |
||